| 000 | 00752nam a22002177a 4500 | ||
|---|---|---|---|
| 999 |
_c14521 _d14521 |
||
| 003 | AR-CdUCM | ||
| 008 | 190423b ||||| |||| 00| 0 spa d | ||
| 020 | _a978-9972-40-409-2 | ||
| 040 |
_aMUNICIPALIDAD PROVINCIAL DEL CUSCO _cBIBLIOTECA MUNICIPAL DEL CUSCO |
||
| 082 |
_aPI / 803 / _bC33 |
||
| 100 |
_aCastañeda, Luis Hernán _933320 |
||
| 245 | _aEl chaman y la sacerdotisa / | ||
| 260 |
_aLima : _bPeisa, _c2007. |
||
| 300 |
_c21 cm. _a90 páginas ; |
||
| 440 |
_aColección contra seña. _933321 |
||
| 505 | _aContenido :El soldado fantasma -- ¿Quien anda por ahí? -- Telas de araña -- El secreto -- Una visita nocturna ... | ||
| 650 |
_aCreencias _96184 |
||
| 650 |
_aCultos _930719 |
||
| 942 |
_2ddc _cLIBROS |
||
| 945 |
_arum _d2019-04-23 |
||